000 00307nam a2200133 i 4500
001 bg
100 1 _aNEUMANN, Alexis
245 0 _aAluminium-Schweisskonstruktionen /
_cA. Neumann.
260 _aBerlin,
_c1966.
040 _cBPK
041 _apol
942 _cKS
008 s pl f |000 0 pol
999 _c8049
_d8049
856 _uhttp://koha.tu.koszalin.pl/cgi-bin/koha/opac-detail.pl?biblionumber=8049
_yKatalog online BPK